[Event "MOR-chT2M 0203"]
[Site "Moravia"]
[Date "2003.03.30"]
[Round "11"]
[White "Blaha, Petr"]
[Black "Roubalik, Vlastimil"]
[Result "1/2-1/2"]
[WhiteElo "2193"]
[BlackElo "2083"]
[PlyCount "107"]
[EventDate "2002.10.??"]
[EventType "team"]
[EventRounds "11"]
[EventCountry "CZE"]
[SourceTitle "EXT 2006"]
[Source "ChessBase"]
[SourceDate "2005.11.24"]
[SourceVersion "1"]
[SourceVersionDate "2005.11.24"]
[SourceQuality "1"]

1. d4 d5 2. Nf3 Nf6 3. e3 e6 4. Bd3 Be7 5. Nbd2 0-0 6. 0-0 Nbd7 7. b3 c5 8. Bb2 b6 9. e4 dxe4 10. Nxe4 Bb7 11. Qe2 Nxe4 12. Bxe4 Bxe4 13. Qxe4 Bf6 14. Rad1 Qc7 15. c4 Rad8 16. Qc2 cxd4 17. Nxd4 a6 18. Rd2 Ne5 19. Rfd1 Ng4 20. Nf3 Rxd2 21. Rxd2 Bxb2 22. Qxb2 Rd8 23. h3 Nf6 24. Qe5 Qe7 25. Rxd8+ Qxd8 26. Nd4 Ne8 27. Kf1 Kf8 28. Ke2 Qd6 29. Qxd6+ Nxd6 30. f3 Ke8 31. Kd3 Kd7 32. b4 e5 33. Nb3 Kc6 34. a4 f5 35. g4 g6 36. c5 Nf7 37. cxb6 Kxb6 38. gxf5 gxf5 39. h4 Kc6 40. f4 exf4 41. Nd4+ Kd5 42. Nxf5 Ne5+ 43. Ke2 Kc4 44. b5 axb5 45. Nd6+ Kc5 46. Nxb5 Kb4 47. h5 Kxa4 48. Nc3+ Kb3 49. Nd5 f3+ 50. Ke3 Kc4 51. Nf6 h6 52. Ng8 Kd5 53. Nxh6 Ke6 54. Ng4 1/2-1/2

[Event "MOR-chT2M 0203"]
[Site "Moravia"]
[Date "2002.11.03"]
[Round "2"]
[White "Roubalik, Vlastimil"]
[Black "Musil, Vitezslav"]
[Result "0-1"]
[WhiteElo "2083"]
[BlackElo "2152"]
[PlyCount "73"]
[EventDate "2002.10.??"]
[EventType "team"]
[EventRounds "11"]
[EventCountry "CZE"]
[SourceTitle "EXT 2006"]
[Source "ChessBase"]
[SourceDate "2005.11.24"]
[SourceVersion "1"]
[SourceVersionDate "2005.11.24"]
[SourceQuality "1"]

1. Nf3 Nf6 2. d4 g6 3. c4 Bg7 4. Nc3 0-0 5. e4 d6 6. Be2 e5 7. 0-0 Nc6 8. d5 Ne7 9. b4 c6 10. Bg5 cxd5 11. cxd5 Bd7 12. Nd2 Rc8 13. Rc1 h6 14. Be3 a6 15. a4 Nh7 16. Nc4 Be8 17. Bb6 Qd7 18. Ba5 Rb8 19. Nb6 Qd8 20. Qd3 Nc8 21. Nxc8 Qxc8 22. Nb5 Bxb5 23. Qe3 Bxe2 24. Rxc8 Rfxc8 25. Qxe2 b6 26. Qxa6 bxa5 27. Qxa5 Nf6 28. f3 h5 29. Qa6 Ne8 30. b5 Bh6 31. Re1 Bd2 32. Re2 Bb4 33. Kf2 Ra8 34. Qb7 Rcb8 35. Qd7 Bc5+ 36. Kg3 Ra7 37. Qc6 0-1